| 000 | 00811nam a22002297a 4500 | ||
|---|---|---|---|
| 005 | 20180403112911.0 | ||
| 010 | _aENG-115170 B-690806-807 | ||
| 020 |
_a9789351862314 _c500.00 |
||
| 035 | _aEN-98702 | ||
| 037 | _bDBAD/PUB | ||
| 037 |
_bOcean Books _adpl |
||
| 082 | _a808.883 | ||
| 100 | _aModi,Narendra | ||
| 245 |
_aJyotipunj / _bby Nrender Modi ; trancleted by A.K. Gandhi |
||
| 260 |
_aNew Delhi _bPrabhat Prakashan _c2015 |
||
| 270 |
_a4/19,Asaf ali Road _bNew Delhi _e110002 |
||
| 300 |
_a261p. : _bill _c22cm(Hb) |
||
| 500 | _aBalidani | ||
| 700 | _aGandhi,A.K. | ||
| 942 |
_2ddc _cEN _h808.883 _mMOD |
||
| 999 |
_c101076 _d101076 |
||